Ô tô - máy kéo /

Đại cương ô tô - máy kéo; Các chu trình nhiệt động của động cơ đốt trong; Nhiên liệu, hỗn hợp nhiên liệu, không khí và sản phẩm cháy; Các chu trình thực của động cơ đốt trong; Các chỉ tiêu làm việc của chu trình và của động cơ; Các đường đặc tính của động cơ ô tô máy kéo; Cơ cấu biên tay quay; Cơ cấ...

Description complète

Enregistré dans:
Détails bibliographiques
Autres auteurs: Bùi Hải Triều, TS., Đặng Tiến Hoà, TS., Hàn Trung Dũng., Nông Văn Vìn, TS.
Format: Livre
Langue:Vietnamese
Publié: Hà Nội : Khoa học và kỹ thuật, 2001.
Sujets:
Tags: Ajouter un tag
Pas de tags, Soyez le premier à ajouter un tag!
Thư viện lưu trữ: Mạng thư viện Đại học Đà Nẵng
LEADER 02081cam a2200409 a 4500
001 000044095
003 2333
005 20060320095310.0
008 010217b2001 vm 000 vie
020 |c 73000 
040 |a LRC  |c LRC  |d LRC 
041 0 |a vie 
082 1 4 |a 629.226  |b Ô-M 
245 0 0 |a Ô tô - máy kéo /  |c Bùi Hải Triều, Nông Văn Vìn, Đặng Tiến Hoà, Hàn Trung Dũng. 
260 |a Hà Nội :  |b Khoa học và kỹ thuật,  |c 2001. 
300 |a 520 tr. :  |b mh. ;  |c 27 cm. 
520 3 |a Đại cương ô tô - máy kéo; Các chu trình nhiệt động của động cơ đốt trong; Nhiên liệu, hỗn hợp nhiên liệu, không khí và sản phẩm cháy; Các chu trình thực của động cơ đốt trong; Các chỉ tiêu làm việc của chu trình và của động cơ; Các đường đặc tính của động cơ ô tô máy kéo; Cơ cấu biên tay quay; Cơ cấu phân phối khí; Cung cấp hỗn hợp đốt và điều khiển ở động cơ đốt trong; Hệ thống làm mát, bôi trơn, khởi động; Hệ thống truyền lực; Hệ thống di động của máy kéo và ô tô; Hệ thống điều khiển máy kéo và ô tô; Trang bị điện của ô tô - máy kéo; Trang bị phụ trợ trên ô tô - máy kéo. 
630 0 4 |a Ô tô. 
630 0 4 |a Máy kéo. 
650 0 4 |a Ô tô  |x Kỹ thuật. 
650 0 4 |a Máy kéo  |x Kỹ thuật. 
700 1 |a Bùi Hải Triều,  |c TS. 
700 1 |a Đặng Tiến Hoà,  |c TS. 
700 1 |a Hàn Trung Dũng. 
700 1 |a Nông Văn Vìn,  |c TS. 
OWN |a DUT 
AVA |a UDN50  |b DUT  |c Book  |d 629.226 Ô-M  |e available  |t Error 5001 Not defined in file expand_doc_bib_avail.  |f 10  |g 0  |h N  |i 10  |j SH  |k 1 
999 |a From the UDN01 
AVA |a UDN50  |b DUT  |c Book  |d 629.226 Ô-M  |e available  |t Error 5001 Not defined in file expand_doc_bib_avail.  |f 10  |g 0  |h N  |i 10  |j SH  |k 1 
TYP |a Monograph 
TYP |a Printed language 
980 |a Mạng thư viện Đại học Đà Nẵng